学习如何学习 (Record no. 53993)

000 -LEADER
fixed length control field 00482nam a22001937a 4500
003 - CONTROL NUMBER IDENTIFIER
control field MPLRDC
005 - DATE AND TIME OF LATEST TRANSACTION
control field 20220104154448.0
008 - FIXED-LENGTH DATA ELEMENTS--GENERAL INFORMATION
fixed length control field 210129b ||||| |||| 00| 0 eng d
020 ## - INTERNATIONAL STANDARD BOOK NUMBER
International Standard Book Number 957-529-664-8
082 ## - DEWEY DECIMAL CLASSIFICATION NUMBER
Classification number 521.1 HUNT
100 ## - MAIN ENTRY--PERSONAL NAME
Personal name D. TRINIDAD HUNT
245 ## - TITLE STATEMENT
Title 学习如何学习
Statement of responsibility, etc. 彭真译
250 ## - EDITION STATEMENT
Edition statement 初版
260 ## - PUBLICATION, DISTRIBUTION, ETC.
Place of publication, distribution, etc. 台湾
Name of publisher, distributor, etc. 世茂出版社
Date of publication, distribution, etc. 1997
300 ## - PHYSICAL DESCRIPTION
Other physical details
490 ## - SERIES STATEMENT
Series statement 激发潜能系列. 19
650 ## - SUBJECT ADDED ENTRY--TOPICAL TERM
Topical term or geographic name entry element 学习心理
942 ## - ADDED ENTRY ELEMENTS (KOHA)
Koha item type Book
-- 521.1 HUNT
Holdings
Withdrawn status Lost status Source of classification or shelving scheme Damaged status Not for loan Collection code Home library Current library Shelving location Date acquired Cost, normal purchase price Total Checkouts Total Renewals Full call number Barcode Date last seen Date last checked out Price effective from Koha item type Public note
            Malaysian Public Library, Research and Development Centre Malaysian Public Library, Research and Development Centre   10/12/2007 26.00   2 521.1 HUNT 00054176 18/03/2021 13/09/2014 18/03/2021 Book mplrdc

© 2022. Malaysian Public Library, Research and Development Centre. All Right ReservedE-mailmplrdc@help.edu.my 

Powered by Koha